00293nam a22000737a 4500100004100000245010900041260002700150700004200177 aDepartment of Information TEchnology aMeasurement of the effectiveness efficiency and users satisfaction of Pakistan e-recruitment mobile apps aNawabshahbQUESTc2019 aDepartment of Information Technology